000 00908nas a2200253 454500
001 30389
005 20260407193508.0
008 260407s1996####ag###########|||spa#d
003 AR-UNSa-BCEJYS
040 _aAR-UNSa-BCEJYS
_bspa
_cAR-UNSa-BCEJYS
080 _a320
_xCiencia Política (Política y Gobierno)
245 1 0 _aForo político
_prevista del Instituto de Ciencias Políticas "Manuel V. Ordoñez"
022 _a0327-9456
264 1 _aBuenos Aires :
_bUMSA (Universidad del Museo Social Argentino)
_c1996
310 _aFrecuencia: Semestral
041 _aspa
942 _cSER
590 _aniveau_biblio:s niveau_hierar:1
100 1 _aUniversidad del Museo Social Argentino
700 1 _aAncarola, Gerardo
650 _aADMINISTRACION PUBLICA
650 _aCiencia política
856 4 1 _uhttps://biblioeco.unsa.edu.ar/pmb/images/revistas/Foro Politico-r14724.jpg
_yImagen de portada
_qimage/jpeg
999 _c8694
_d8694